000 01556nam0a2200349 4500
001 RU\NLR\bibl\15056
005 20250615012916.0
010 _a5-02-031297-5
_9332
021 _aRU
_b98-36899
_91765
035 _a(NLR Aleph) 000014696
090 _a59516
_c59516
100 _a19990305d1998 |||y0rusy50 ca
101 0 _arus
102 _aRU
105 _a|||||||||||||
200 1 _aПроблемы экологии нефтегазоносных и горнодобывающих регионов Севера России
_fН.М. Давиденко
_gРос. акад. наук. Сиб. отд-ние, Ин-т криосферы Земли
_gОтв. ред. чл.-корр. РАН В.П. Мельников
210 _aНовосибирск
_cНаука. Сиб. предприятие РАН
_d1998
215 _a223 с., [8] л. ил.
_d22
320 _aБиблиогр.: с.218-223
606 0 _aНефтегазоносные районы
_xЭкология
_yРоссийская Федерация
_yСевер
_92079091
_3RU\NLR\auth\661254963
606 0 _aГеоэкология
_yРоссийская Федерация
_yСевер
_91375888
_3RU\NLR\auth\66263215
686 _aД454.1-8(2Р1)
686 _aД820.4(2Р1)
700 1 _aДавиденко
_bН. М.
_gНиколай Маркович
_4070
801 0 _aRU
_bNLR
_c19990305
_gPSBO
801 1 _aRU
_bNLR
_c19990305
830 _aАвт. раскрыт по кн.
852 _aNLR
_j98-5/3023
942 _cBOOK
980 _aNB